Computer programs for qualitative data analysis: software sourcebook/ (Record no. 7914)
[ view plain ]
| 000 -LEADER | |
|---|---|
| fixed length control field | 00533nam a22001457a 4500 |
| 008 - FIXED-LENGTH DATA ELEMENTS--GENERAL INFORMATION | |
| fixed length control field | 211207b ||||| |||| 00| 0 eng d |
| 020 ## - INTERNATIONAL STANDARD BOOK NUMBER | |
| International Standard Book Number | 0803955367 |
| 082 ## - DEWEY DECIMAL CLASSIFICATION NUMBER | |
| Classification number | 300.285536 |
| 100 ## - MAIN ENTRY--PERSONAL NAME | |
| Personal name | Weitzman, Eben A. |
| 245 ## - TITLE STATEMENT | |
| Title | Computer programs for qualitative data analysis: software sourcebook/ |
| 260 ## - PUBLICATION, DISTRIBUTION, ETC. (IMPRINT) | |
| Place of publication, distribution, etc. | Thousand Oaks, |
| Name of publisher, distributor, etc. | Sage publications: |
| Date of publication, distribution, etc. | 1993. |
| 300 ## - PHYSICAL DESCRIPTION | |
| Extent | x, 371p.;ill. |
| Other physical details | Includes bibliographical references and index. |
| Dimensions | 28cm. |
| 650 ## - SUBJECT ADDED ENTRY--TOPICAL TERM | |
| Source of heading or term | Social sciences-data processing |
| Form subdivision | Social sciences-computer programs |
| 942 ## - ADDED ENTRY ELEMENTS (KOHA) | |
| Source of classification or shelving scheme | Dewey Decimal Classification |
| Koha item type | Book |
| Withdrawn status | Lost status | Source of classification or shelving scheme | Damaged status | Not for loan | Home library | Current library | Date acquired | Source of acquisition | Inventory number | Total Checkouts | Full call number | Barcode | Date last seen | Price effective from | Koha item type |
|---|---|---|---|---|---|---|---|---|---|---|---|---|---|---|---|
| Dewey Decimal Classification | Main Library East Wing | Main Library East Wing | 07/12/2021 | donation | 0040173 | 300.285536 WEI | GUL21120123 | 07/12/2021 | 07/12/2021 | Book |
